| 000 | 00845cam a2200241 a 4500 | ||
|---|---|---|---|
| 001 | 000010232 | ||
| 005 | 20200929162217.0 | ||
| 008 | 820928s1972 ve 000 0 spa | ||
| 035 | _a(DLC) 82213321 | ||
| 040 |
_aDO-SdBNP _cDLC _dDLC _dBNPHU |
||
| 082 |
_aV861.44 _bR741d |
||
| 100 | 1 |
_aRojas Guardia, Pablo, _d1909-1978. _920730 |
|
| 245 | 1 | 0 |
_aDiálogos sobre poesía y literatura / _cPablo Rojas Guardia. |
| 260 |
_aCaracas : _bMonte Ávila, _cc1972. |
||
| 300 |
_a138 p. ; _c16 cm. |
||
| 490 | 1 |
_aBiblioteca Popular eldorado _v51 |
|
| 650 | 4 |
_aPoesía venezolana _xHistoria y crítica _98721 |
|
| 650 | 4 |
_aPoetas venezolanos _xCrítica e interpretación _925238 |
|
| 650 | 4 |
_aLiteratura venezolana _xHistoria y crítica _98073 |
|
| 830 | 0 |
_aBiblioteca Popular eldorado ; _v51 _916894 |
|
| 910 | _aCatalogación por copia / LC | ||
| 049 | _aBNGR | ||
| 999 |
_c9991 _d9991 |
||